| 000 | 00942nam a2200253Ia 4500 | ||
|---|---|---|---|
| 003 | OSt | ||
| 005 | 20220923225540.0 | ||
| 006 | a|||||r|||| 00| 0 | ||
| 007 | ta | ||
| 008 | 220922b |||||||| |||| 00| 0 mal d | ||
| 024 | _a270,921 | ||
| 037 | _cTextual | ||
| 040 |
_aARTS _cARTS _bmal |
||
| 041 |
_2mal _amal |
||
| 082 | _aO32,2NGO,PR, 152K6 | ||
| 100 |
_aटी. एन. गोपीनाथन; चतुर्वेदी, सुधांशु, अनु. _9168711 |
||
| 245 | 0 | _aप्रतिध्वनि | |
| 246 | _aPratidhvani | ||
| 260 |
_aलखनउ _b हिन्दी साहित्य भंडार _c1966 |
||
| 300 |
_a44पृ0 _ccm. |
||
| 650 |
_aमलयालम साहित्य _9156264 |
||
| 942 |
_hO32,2NGO,PR, 152K6 _cTEXL _2CC |
||
| 999 |
_c379018 _d379018 |
||